Capitales de la France - Statistiques

Statistiques générales
  • Ce quiz a été pris 263 fois
  • Le résultat moyen est 13 sur 20
Statistiques - réponses
Hint Réponse % Correct
900-1419 Paris
100%
1528-1588 Paris
100%
1594-1682 Paris
100%
1715-1722 Paris
100%
1789-1871 Paris
100%
1879-1940 Paris
100%
1944- Paris
100%
1940-1943 Vichy
90%
Juin 1940 Bordeaux
67%
1682-1715 Versailles
60%
1722-1789 Versailles
60%
1871-1879 Versailles
60%
1943-1944 (capitale de la France Libre) Alger
40%
1444-1527 Tours
39%
1589-1594 Tours
39%
486-900 Soissons
26%
1422-1444 Bourges
22%
29 Juin 1940 Clermont-Ferrand
20%
1419-1422 Troyes
18%
Avant 486 Tournai
16%
Aucun quiz correspondant
Distribution des résultats
% des personnes avec chaque résultat
Percentile par nombre de réponses
Votre historique - résultats
Vous n’avez pas pris ce quiz